=LDR 00000nam 2200000 4500 =001 INLIS000000000000832 =005 20130612085245 =008 ***********************************Ind** =035 ##$$0010-061300000000832 =041 ##$$a Ind =082 ##$$a 92(Joyohadikusumo) =090 ##$$a 92(Joyohadikusumo), Sri-s =100 ##$$a Sriwibawa, Sugiarta =245 ##$$a 100 tahun Margono Jayohadikusumo, Sugiarta Sriwibawa =260 ##$$a 1994 $b Jakarta =300 ##$$a xxxiii, 87 hlm, ilus, 20 cm =650 ##$$a Joyohadikusumo, Margono =850 ##$$a NBPNMAT